| 000 | 00802nam a22002177a 4500 | ||
|---|---|---|---|
| 005 | 20240530110445.0 | ||
| 008 | 150427s2010 ua g 000 0 ara d | ||
| 017 |
_a2010/7955 _bمصر . دار الكتب المصرية |
||
| 020 | _a9789774213112 | ||
| 040 | _aEG-CaGPL | ||
| 082 | 0 | 4 |
_221 _a161\ _bم أ |
| 100 | 1 | _aمدور ، بيتر | |
| 245 | 1 | 2 |
_aالاستقراء و الحدس فى البحث العلمى / _cتاليف بيتر مدور ؛ ترجمة محمد شيا |
| 260 |
_aالقاهرة : _bالهيئة المصرية العامة للكتاب ، _c2010 . |
||
| 300 |
_a87 ص ؛ _c24 سم . |
||
| 650 | 0 | 4 | _aالاستقراء |
| 650 | 0 | 4 | _aالبحث العلمى |
| 700 | 1 |
_aمحمد شيا _eمترجم |
|
| 942 |
_2ddc _cBK |
||
| 999 |
_c61129 _d61129 |
||